| 000 | 00585cam a2200229ua 4500 | ||
|---|---|---|---|
| 001 | 9753 | ||
| 005 | 20260515114522.0 | ||
| 008 | 160823n ii |||gr||||Z||||||asm | ||
| 020 | _a8176650293 | ||
| 040 | _cMAIN | ||
| 041 | _aasm | ||
| 082 | _a920 | ||
| 100 |
_aGoswami, Dinesh Chandra, _eAuthor. |
||
| 245 |
_aShatadhik mahan bijnani _cby Dinesh Chandra Goswami |
||
| 250 | _a2nd ed. | ||
| 260 |
_aGuwahati: _bStudents stores, _c2003. |
||
| 300 | _a305p. | ||
| 653 | _aBiography, genealogy & insignia | ||
| 653 | _aAsomiya jiboni | ||
| 653 | _aAssamese biography | ||
| 942 | _cBK | ||
| 999 |
_c8756 _d8756 |
||